| 000 | 00526nam a2200169Ia 4500 | ||
|---|---|---|---|
| 003 | SGT | ||
| 020 | _a9788190675864 | ||
| 082 |
_a5.133 _bSAL |
||
| 100 | _aSalaria,R.S | ||
| 245 | _aApplication programming in C | ||
| 250 | _a3rd . Ed. | ||
| 260 |
_bKhanna Books Publishing Co. Ltd. _aN. Delhi _c2010 |
||
| 300 | _a576p. | ||
| 650 | _aCOMPUTER SCIENCE | ||
| 653 | _aBASIC OF PROGRAMMING,OVERVIEW OF C LANGUAGE,DATA TYPES OPERATORS & EXPRESSION,HANDLING KEYBOARD INPUT & SCREEN OUTPUT,CONTROL STATEMENTS | ||
| 942 |
_2ddc _cBK _012 |
||
| 999 |
_c5061 _d5061 |
||